000 01529cam a22004574i 4500
003 PE-LiUPU
005 20250731172943.0
008 150623s1997 miu r 000 0 spa d
020 _a0802842216
035 _a(Sirsi) i9780802842213
040 _aPE-LiUPU
_bspa
_cPE-LiUPU
_erda
049 _aPRUA
082 0 4 _a220.66
_bC16
_221
100 1 _aCaird, George Bradford,
_eautor.
245 1 4 _aThe language and imagery of the Bible /
_cG.B. Caird.
264 1 _aMichigan :
_bWilliam B. Eerdmans Publishing Company,
_c1997.
300 _a280 páginas ;
_c23 centímetros
336 _atext
_2rdacontent
337 _aunmediated
_2rdamedia
338 _avolume
_2rdacarrier
505 0 _aGeneral -- Metaphor -- History, myth and eschatology.
526 _aSEG42
526 _aSEG41
526 _aSEG40
526 _aSEG39
526 _aP94
526 _aP87
526 _aP86
526 _aP85
526 _aP77
526 _aP76
526 _aP35
630 _aBiblia
_xLenguaje y estilo.
_96256
630 _aBiblia.
_lInglés.
_sNew English.
_f1997.
942 _2ddc
_cBOOK
949 _a220.66 C16
_wDEWEY
_c1
_i44691
_lCCODEBUL1
_mBUL
_r0
_sY
_tBOOK
_u2015-6-24
_xTEOLOGIA
_PP35
_0COMPRA
_o.STAFF. Colección Teología
994 _aC0
_bPEPRU
596 _a1
999 _a220.66 C16
_wDEWEY
_c21554
_i44691
_d21554
_e2017-9-15
_f2021-11-9
_g5
_lCCODEBUL1
_mBUL
_n1
_p13.00
_r0
_sY
_tBOOK
_u2015-6-24
_xTEOLOGIA
_PP35
_0COMPRA
_o.STAFF. Colección Teología
980 _81
_gALBERTO SANCHEZ Responsable de Automatización